Rusko-slovenský slovník ; Viktória Dorotjaková, Mária Filkusová, Dezider Kollár, Eleonóra Kučerová, Mária Oľga Malíková, Margita Masárová, Ella Sekaninová, Štefan Pavelka

Saved in:
Bibliographic Details
Main Authors: Dorotjaková, Viktória, 1927-1999 (Author), Filkusová, Mária, 1927-1996 (Author), Kollár, Dezider, 1931- (Author), Kučerová, Eleonóra, 1928-1987 (Author), Malíková, Mária Oľga, 1925- (Author), Masárová, Margita, 1931- (Author), Sekaninová, Ella, 1926-2007 (Author)
Other Authors: Pavelka, Štefan (Bookjacket designer)
Format: Book
Language:Slovak
Russian
Published: Bratislava Moskva Slovenské pedagogické nakladateľstvo Izdateľstvo "Russkyj jazyk" 1989
Edition:1. vyd.
Subjects:
Online Access:View in OPAC
Tags: Add Tag
No Tags, Be the first to tag this record!

MARC

LEADER 00000nam a2200000 a 4500
005 20260127134409.0
008 180815s1989 xo g d 00000 slo
015 |a SNBA1990/04 
020 |a 8008009098  |c 100 Kčs. (30000 výtl.) 
035 |a vtls001060759 
035 |a SNK000003587 
039 9 |a 201808150918  |b VLOAD  |c 201305302250  |d VLOAD  |c 201301281431  |d mskpk07  |c 201211161510  |d msnk01  |y 200412240040  |z VLOAD 
040 |a SNK  |b slo  |c SNK  |e AACR2 
041 0 |a slo  |a rus 
044 |a xo  |a ru  |c SK  |c RU 
080 |a 811.161.1  |2 2001 
080 |a 811.162.4  |2 2001 
080 |a (038)  |2 2001 
245 0 0 |a Rusko-slovenský slovník ; Viktória Dorotjaková, Mária Filkusová, Dezider Kollár, Eleonóra Kučerová, Mária Oľga Malíková, Margita Masárová, Ella Sekaninová, Štefan Pavelka 
246 3 1 |a Russko-slovackij slovar 
250 |a 1. vyd. 
260 |a Bratislava  |a Moskva  |b Slovenské pedagogické nakladateľstvo  |b Izdateľstvo "Russkyj jazyk"  |c 1989  |e Moskva  |f Moskovská tlačiareň 
300 |a 752 s., 150,64 AH  |c 27 cm 
650 0 7 |a ruština  |2 SNKPH 
650 0 7 |a slovenčina  |2 SNKPH 
655 7 |a slovníky  |2 SNKPH 
700 1 |a Dorotjaková, Viktória,  |d 1927-1999  |4 aut  |9 831 
700 1 |a Filkusová, Mária,  |d 1927-1996  |4 aut  |9 978 
700 1 |a Kollár, Dezider,  |d 1931-  |4 aut  |9 653 
700 1 |a Kučerová, Eleonóra,  |d 1928-1987  |4 aut  |9 237 
700 1 |a Malíková, Mária Oľga,  |d 1925-  |4 aut  |9 898 
700 1 |a Masárová, Margita,  |d 1931-  |4 aut  |9 1014 
700 1 |a Sekaninová, Ella,  |d 1926-2007  |4 aut  |9 830 
700 1 |a Pavelka, Štefan  |4 bjd  |4 bkd 
910 |a spk 
910 |a skpk 
919 |a 80-08-00909-8 
954 |a ruština  |a slovenčina  |a slovníky rusko-slovenské 
958 |a OND 
999 |c 11739  |d 11739